The best preparation for IELTS : Listening

By this book, the author have tried to work out user-friendly materials to facilitate English learning, especially helping English learners to improve their speaking skill more rapidly and effectively

Zapisane w:
Opis bibliograficzny
1. autor: Kim, Young
Format: Książka
Język:Undetermined
Wydane: Thành phố Hồ Chí Minh Tổng hợp Thành phố Hồ Chí Minh 2014
Hasła przedmiotowe:
Etykiety: Dodaj etykietę
Nie ma etykietki, Dołącz pierwszą etykiete!
Thư viện lưu trữ: Trung tâm Học liệu Trường Đại học Cần Thơ
LEADER 00785nam a2200205Ia 4500
001 CTU_199748
008 210402s9999 xx 000 0 und d
082 |a 428.0076 
082 |b K49 
100 |a Kim, Young 
245 4 |a The best preparation for IELTS : 
245 0 |b Listening 
245 0 |c Young Kim 
260 |a Thành phố Hồ Chí Minh 
260 |b Tổng hợp Thành phố Hồ Chí Minh 
260 |c 2014 
520 |a By this book, the author have tried to work out user-friendly materials to facilitate English learning, especially helping English learners to improve their speaking skill more rapidly and effectively 
650 |a English language,Tiếng Anh 
904 |i Nguyên 
980 |a Trung tâm Học liệu Trường Đại học Cần Thơ